000 00496nam a22001937a 4500
005 20251108165935.0
008 250721s1997 xx 000 0 ara d
082 1 4 _aم/150.03/موس
100 1 _aشاهين، فؤاد
_eمترجم
245 1 0 _aموسوعة علم النفس /
264 1 _aبيروت :
_c1997.
300 _a3مج
650 1 7 _aعلم النفس
650 1 7 _aالعقاب
650 1 7 _aالقصاص
650 1 7 _aالفصام
942 _2ddc
_cREF
999 _c35421
_d35421